000 00501nam a2200181Ia 4500
008 131103s9999 xx 000 0 und d
020 _a0 345 36221 7
040 _aLoreto College
041 _aEnglish
082 _aF/GAR
_bLCBED/11127
100 _aGardner, Erle Stanley
245 4 _aThe case of the Stepdaughter's secret
_cErle Stanley Gardner
260 _aNew York
_bBallantine Books
_c1990
300 _a166p.
_c 18cm.
650 _aEnglish fiction
850 _aLCBED/F/GAR
942 _cBK
999 _c32537
_d83016